| 000 | 00478nam a22001457a 4500 | ||
|---|---|---|---|
| 003 | MACL | ||
| 005 | 20200308155613.0 | ||
| 008 | 200308b xxu||||| |||| 00| 0 eng d | ||
| 040 | _cMACL | ||
| 100 |
_aदृष्टि _978595 |
||
| 245 | _aमध्य प्रदेश समग्र अवलोकन | ||
| 260 |
_a2019 _bदृष्टि पब्लिकेशन _cदिल्ली |
||
| 650 |
_aसा. अध्ययन _973115 |
||
| 942 |
_2ddc _cHIN |
||
| 999 |
_c62350 _d62350 |
||